000 00350nam a22001337a 4500
005 20230719140845.0
008 230719b ||||| |||| 00| 0 eng d
040 _cAL
041 _aeng
100 _aChaube S P
_9127757
245 _aFundamentals of industrial psychology
260 _aBangalore
_bHimalaya Publishing House
_c2000
942 _2ddc
_cBK
999 _c227993
_d227993